Où suis-je en Bretagne ? (avec images) - Statistiques

Statistiques générales
  • Ce quiz a été pris 196 fois
  • Le résultat moyen est 7 sur 16
Statistiques - réponses
Par images Réponse % Correct
Carnac
93%
Saint-Malo
92%
Rennes
73%
Vannes
71%
Quimper
69%
Brocéliande
56%
Dinan
54%
Fougères
34%
Dinard
33%
Vallée des Saints
27%
Cap Fréhel
25%
Perros-Guirec
25%
Belle-Île-en-mer
18%
Bréhat
17%
Paimpol
15%
Amiets
1%
Aucun quiz correspondant
Distribution des résultats
% des personnes avec chaque résultat
Percentile par nombre de réponses
Votre historique - résultats
Vous n’avez pas pris ce quiz